La aplicación del procedimiento de impacto ambiental en la evaluación de actividades con elevado potencial de riesgo / (Record no. 3765)

MARC details
000 -CABECERA
campo de control de longitud fija 00763nam a2200205 a 4500
005 - FECHA Y HORA DE LA ÚLTIMA TRANSACCIÓN
campo de control 20250617063818.0
008 - ELEMENTOS DE LONGITUD FIJA--INFORMACIÓN GENERAL
campo de control de longitud fija 991125s1980 mx 000 0 spa u
035 ## - NÚMERO DE CONTROL DEL SISTEMA
Número de control de sistema UPN01000003765
049 ## - COLECCIÓN
Colección F
050 #4 - SIGNATURA TOPOGRÁFICA DE LA BIBLIOTECA DEL CONGRESO
Número de clasificación HT395 M6
Número de documento/Ítem I53 no.2
110 1# - ASIENTO PRINCIPAL--NOMBRE CORPORATIVO
Nombre de entidad corporativa o nombre de jurisdicción como elemento de entrada México.
Unidad subordinada Secretaría de Desarrollo Urbano y Ecología
9 (RLIN) 28179
245 13 - MENCIÓN DE TÍTULO
Título La aplicación del procedimiento de impacto ambiental en la evaluación de actividades con elevado potencial de riesgo /
Mención de responsabilidad, etc. Secretaría de Desarrollo Urbano y Ecología.
260 ## - PUBLICACIÓN, DISTRIBUCIÓN, ETC.
Lugar de publicación, distribución, etc. México :
Nombre del editor, distribuidor, etc. SEDUE,
Fecha de publicación, distribución, etc. [198-].
300 ## - DESCRIPCIÓN FÍSICA
Extensión 16 p
440 #0 - MENCIÓN DE SERIE/ASIENTO SECUNDARIO--TÍTULO
Título Impacto ambiental ;
Designación de volumen o secuencia 2
650 #4 - ASIENTO SECUNDARIO DE MATERIA - TERMINO TEMATICO
Término de materia o nombre geográfico como elemento de entrada OCUPACIONES PELIGROSAS
9 (RLIN) 11199
650 #4 - ASIENTO SECUNDARIO DE MATERIA - TERMINO TEMATICO
Término de materia o nombre geográfico como elemento de entrada Planificación regional
Subdivisión geográfica México
Subdivisión general Historia
9 (RLIN) 1119
650 #4 - ASIENTO SECUNDARIO DE MATERIA - TERMINO TEMATICO
Término de materia o nombre geográfico como elemento de entrada ZONIFICACION -
Subdivisión geográfica MEXICO
9 (RLIN) 11201
905 ## - TIPO DE MATERIAL
Tipo de material Libro
Holdings
Estado de retiro Estado de pérdida Fuente del sistema de clasificación o colocación Estado dañado No para préstamo Código de colección Localización permanente Ubicación/localización actual Ubicación en estantería Total de préstamos Clasificación Código de barras Fecha visto por última vez Número de copia Tipo de ítem Koha
    Library of Congress Classification   Folletos Folletería Bib. Gregorio Torres Quintero Bib. Gregorio Torres Quintero Folletos   HT395 M6 I53 no.2 5606F 31/12/2020 1 Libro